|
|
|
|
| LEADER |
00000nam a2200000 a 4500 |
| 001 |
vtls001073518 |
| 003 |
SK-MaSNL |
| 005 |
20260301193528.0 |
| 008 |
250414s1993 xo rus |
| 015 |
|
|
|a SNBA1993/12
|
| 020 |
|
|
|a 8022504947
|
| 035 |
|
|
|a SNK000016349
|
| 035 |
|
|
|a urn:nbn:sk:snk-amlizw
|
| 035 |
|
|
|a urn:nbn:sk:snk-am00bosg
|
| 035 |
|
|
|a B910EA69-25F0-456F-AC3E-DA21606082AD
|
| 040 |
|
|
|a SNK
|b slo
|c SNK
|e AACR2
|
| 041 |
0 |
|
|a rus
|
| 044 |
|
|
|a xo
|c SK
|
| 080 |
|
|
|a 808.2-316.4:33(075.8)
|2 1981
|
| 080 |
|
|
|a 33
|2 1981
|
| 100 |
1 |
|
|a Šebestová, Valentína,
|d 1941-
|4 aut
|9 37197
|
| 245 |
1 |
0 |
|a Russkij jazyk v rynočnoj ekonomike. 1. časť
|c Valentína Šebestová, Katarína Strelková, Mária Hrušková
|
| 250 |
|
|
|a 2. dop. izd.
|
| 260 |
|
|
|a Bratislava
|b Ekonomická univerzita
|c 1993
|e Bratislava
|f Edičné stredisko Ekonomickej univerzity
|
| 300 |
|
|
|a 202 s.
|b Tab., zoz. skrat., lit. 36 zázn. v češ., ruš. a slov.
|c 29 cm
|
| 366 |
|
|
|e 1200 výt.
|
| 500 |
|
|
|a Vysokoškolské skriptá
|
| 655 |
|
7 |
|a učebnice vysokých škôl
|2 SNKPH
|9 70191
|
| 700 |
1 |
|
|a Strelková, Katarína,
|d 1944-
|4 aut
|9 86457
|
| 700 |
1 |
|
|a Hrušková, Mária
|4 aut
|9 12821
|
| 852 |
|
|
|a Slovenská národná knižnica
|
| 919 |
|
|
|a 80-225-0494-7
|
| 958 |
0 |
7 |
|a RU
|
| 958 |
0 |
7 |
|a RM
|
| 958 |
0 |
7 |
|a NB
|
| 958 |
0 |
7 |
|a UV
|
| 999 |
|
|
|c 877786
|d 879716
|
| 952 |
|
|
|t P60, <04>, [BOOK], {604}
|a SNK
|b SNK
|y VYP
|7 0
|p 17A0071913
|o snkSB 51783/1 D1
|0 0
|1 0
|4 0
|d 1997-05-29
|l 0
|r 2004-12-31 00:00:00
|w 2026-02-24
|
| 952 |
|
|
|a SNK
|b SNK
|y PREZ
|7 0
|p 17A0904713
|o snkSB 51783/1
|0 0
|1 0
|4 0
|d 2012-08-07
|f 1
|l 0
|r 2025-03-12 00:00:00
|w 2026-02-24
|